[Event "BUL-ch (Women) qual"]
[Site "Pleven"]
[Date "2006.02.03"]
[Round "9"]
[White "Hristova, Hristina"]
[Black "Yalamova, Nevena"]
[Result "1-0"]
[WhiteElo "1920"]
[BlackElo "1608"]
[PlyCount "67"]
[EventDate "2006.01.28"]
[EventType "swiss"]
[EventRounds "9"]
[EventCountry "BUL"]
[SourceTitle "CBM 110 Extra"]
[Source "ChessBase"]
[SourceDate "2006.03.10"]
[SourceVersion "2"]
[SourceVersionDate "2006.03.10"]
[SourceQuality "1"]

1. e4 e5 2. Nf3 Nf6 3. Bc4 Nc6 4. d3 Be7 5. c3 d5 6. exd5 Nxd5 7. 0-0 0-0 8. Qe2 Bf6 9. Nbd2 Nf4 10. Qe4 Re8 11. Nb3 Ng6 12. Bb5 Bd7 13. Nc5 Qc8 14. Nxd7 Qxd7 15. h4 h6 16. Bc4 Na5 17. Bd5 c6 18. Qxg6 cxd5 19. Qg3 Kh8 20. Nh2 Qe7 21. h5 Bg5 22. Nf3 Bxc1 23. Raxc1 Nc6 24. Rfe1 Qf6 25. Re2 Qf4 26. Qxf4 exf4 27. Rce1 Rxe2 28. Rxe2 g6 29. Ne5 Nxe5 30. Rxe5 Kg7 31. hxg6 Kxg6 32. Rxd5 Kf6 33. Rd6+ Kg5 34. Rd7 1-0

[Event "BUL-ch (Women) qual"]
[Site "Pleven"]
[Date "2006.01.31"]
[Round "6"]
[White "Yalamova, Nevena"]
[Black "Vasileva, Veronika"]
[Result "0-1"]
[WhiteElo "1608"]
[BlackElo "1822"]
[PlyCount "48"]
[EventDate "2006.01.28"]
[EventType "swiss"]
[EventRounds "9"]
[EventCountry "BUL"]
[SourceTitle "CBM 110 Extra"]
[Source "ChessBase"]
[SourceDate "2006.03.10"]
[SourceVersion "2"]
[SourceVersionDate "2006.03.10"]
[SourceQuality "1"]

1. e4 e5 2. Nf3 Nc6 3. Nc3 Nf6 4. d4 exd4 5. Nd5 Nxe4 6. Qe2 f5 7. Ng5 Be7 8. Nxe4 fxe4 9. Qxe4 0-0 10. Bd3 Bb4+ 11. Kd1 g6 12. Bh6 Rxf2 13. Nf6+ Qxf6 14. Bc4+ Kh8 15. Qe8+ Bf8 16. Ke1 Rf5 17. Kd2 Rf2+ 18. Ke1 Rf5 19. Kd2 Qe7 20. Rae1 Qb4+ 21. Kd3 Rf2 22. Rhf1 d5 23. Rxf2 Bf5+ 24. Rxf5 dxc4+ 0-1

[Event "BUL-ch (Women) qual"]
[Site "Pleven"]
[Date "2006.01.30"]
[Round "4"]
[White "Yalamova, Nevena"]
[Black "Galunova, Tsveta"]
[Result "0-1"]
[WhiteElo "1608"]
[BlackElo "1824"]
[PlyCount "80"]
[EventDate "2006.01.28"]
[EventType "swiss"]
[EventRounds "9"]
[EventCountry "BUL"]
[SourceTitle "CBM 110 Extra"]
[Source "ChessBase"]
[SourceDate "2006.03.10"]
[SourceVersion "2"]
[SourceVersionDate "2006.03.10"]
[SourceQuality "1"]

1. e4 e5 2. Nf3 Nc6 3. Nc3 Nf6 4. d4 exd4 5. Nd5 Be7 6. Bf4 d6 7. Nxd4 Nxd5 8. exd5 Nxd4 9. Qxd4 0-0 10. Qd2 Bf6 11. c3 Re8+ 12. Be2 Bg4 13. f3 Bf5 14. 0-0 Be5 15. Rfe1 Bxf4 16. Qxf4 Bg6 17. Bb5 c6 18. dxc6 Qb6+ 19. Kh1 Qxb5 20. cxb7 Qxb7 21. b3 Qc6 22. c4 Rxe1+ 23. Rxe1 Re8 24. Re3 Qd7 25. h3 Rxe3 26. Qxe3 h6 27. Qd4 Qe7 28. a3 Qe1+ 29. Kh2 Qe5+ 30. Qxe5 dxe5 31. b4 Kf8 32. g4 Ke7 33. Kg2 Bd3 34. c5 Bb5 35. Kf2 Ke6 36. Ke3 Kd5 37. h4 a5 38. bxa5 Kxc5 39. Ke4 Kd6 40. a4 Bxa4 0-1